000 00707nam a2200253 i 4500
001 C2-0254784
003 PPAK
005 20180727222550.0
008 040517s2003 my a|||| ||||| | may d
020 _a9831704053
040 _aPPAK
_beng
_cPPAK
_erda
082 0 4 _a039.99202
_223
090 0 0 _a039.99202
_bTAH
_dRK
245 0 0 _aTahukah adik ?
264 1 _aJohor Bahru, Johor :
_bPerniagaan Jahabersa ,
_c2003
300 _a106 pages :
_billustrations ;
_c22 cm
336 _2rdacontent
_atext
337 _2rdamedia
_aunmediated
338 _2rdacarrier
_avolume
500 _asiri 2
650 1 0 _aCuriosities and wonders - Malaysia.
700 0 _aIbrahim A.Rahman,
_ecompile
942 _ddc
_cB
999 _c67429
_d67429